[Event "Kinross USSA (Women) op"]
[Site "Kinross"]
[Date "2018.07.05"]
[Round "6"]
[White "Wilke, Eljeanie G"]
[Black "Engelbrecht, Liezl"]
[Result "1/2-1/2"]
[WhiteElo "1309"]
[BlackElo "1520"]
[PlyCount "47"]
[EventDate "2018.07.02"]
[EventType "swiss"]
[EventRounds "9"]
[EventCountry "RSA"]
[SourceTitle "CBM 185 Extra"]
[Source "ChessBase"]
[SourceDate "2018.07.29"]
[SourceVersion "1"]
[SourceVersionDate "2018.07.29"]
[SourceQuality "1"]

1. c4 e6 2. d4 d5 3. e3 Nf6 4. Nc3 c6 5. Bd3 Nbd7 6. Nf3 dxc4 7. Bxc4 Bd6 8. 0-0 0-0 9. Qc2 e5 10. Rd1 Qc7 11. h3 exd4 12. Nxd4 Ne5 13. Bb3 Bd7 14. e4 Rfe8 15. f4 Bc5 16. fxe5 Qxe5 17. Be3 Bxh3 18. Bf2 Ng4 19. gxh3 Qh2+ 20. Kf1 Qxh3+ 21. Ke1 Qh1+ 22. Ke2 Qg2 23. Ke1 Qh1+ 24. Ke2 1/2-1/2

[Event "RSA-ch U20 Girls"]
[Site "Waterkloof"]
[Date "2015.04.04"]
[Round "2"]
[White "Ilunga, Divine"]
[Black "Wilke, Eljeanie G"]
[Result "1-0"]
[WhiteElo "1156"]
[BlackElo "1409"]
[PlyCount "54"]
[EventDate "2015.04.04"]
[EventType "swiss"]
[EventRounds "9"]
[EventCountry "RSA"]
[SourceTitle "CBM 166 Extra"]
[Source "ChessBase"]
[SourceDate "2015.06.18"]
[SourceVersion "1"]
[SourceVersionDate "2015.06.18"]
[SourceQuality "1"]

1. d4 d6 2. c4 Nd7 3. Nc3 e5 4. e3 Ngf6 5. Bd3 Be7 6. Nf3 0-0 7. 0-0 c6 8. e4 exd4 9. Nxd4 Nc5 10. Bc2 Ne6 11. Be3 Qc7 12. a3 a6 13. b4 b5 14. cxb5 cxb5 15. Qd3 Bb7 16. Rac1 Rac8 17. Bb1 Qc4 18. Nf5 Bd8 19. f3 g6 20. Nd4 d5 21. Qd2 dxe4 22. fxe4 Ng4 23. Nd5 Nxe3 24. Rxc4 Nxf1 25. Kxf1 Rxc4 26. Nxe6 Bxd5 27. exd5 fxe6+ 1-0